000 01158nam a2200229Ia 4500
003 Ost
005 20260507075341.0
008 260507s9999||||xx |||||||||||||| ||und||
020 _a95613299579
040 _cfsecg
041 _aara
082 _a330
100 _aالعبيدي، صلاح عريبي عباس
_eمؤلف
245 0 _aدراسات في نشأة و تطور الغرف التجارية العربية /
_c صلاح عريبي عباس العبيدي
260 _aعمان:
_bدار الحامد,
_c2011
300 _a246 صفحة؛
_bإيضاحات ؛
_c25 سم
504 _aالمراجع ص.227
520 _aالجذور التاريخية لنشأة الغرف التجارية- نشأة وتطور الغرف التجارية العربية- الإتحاد العام لغرف التجارية والصناعة والزراعة للبلاد العربية- الغرف التجارية العربية الأجنبية المشتركة- غرفة تجارة كروك- غرفة تجارة وصناعة البحرين
653 _aالتجارة
653 _aالتجارة العربية المشتركة
942 _cكتاب
999 _c44087
_d44087